000 00942nam a2200241 u 4500
001 000019721
005 20200929170120.0
008 100705s2001 dr r 000 0 spa d
040 _aDO-SdBNP
_bspa
_cBNPHU
082 _a332
_bR177m
100 1 _aRamírez Solano, Ernesto
_942171
245 1 0 _aMoneda, banca y mercados financieros :
_binstituciones e instrumentos en países en desarrollo /
_cErnesto Ramírez Solano.
260 _aMéxico :
_bPearson Educación,
_c2001.
300 _a474 p. :
_bil ;
_c23 cm.
500 _aIncluye referencias bibliográficas y notas al pie de las páginas
504 _aBbliografía : p. 463-474
650 4 _aMoneda
_zPaíses En Desarrollo
_942172
650 4 _aBancos
_zPaíses En Desarrollo
_942173
650 4 _aInstituciones financieras
_zPaíses En Desarrollo
_942174
651 4 _aPaíses En Desarrollo
_xPolítica Económica
_942175
910 _aValidado. Control de calidad MFF
049 _aBNPD
999 _c19235
_d19235